| 000 | 01260nam a2200277 a 4500 | ||
|---|---|---|---|
| 001 | 000028964 | ||
| 003 | DO-SdBNP | ||
| 005 | 20230119144240.0 | ||
| 007 | ta | ||
| 008 | 110412s2010 dr bc 000 0 spa d | ||
| 020 | _a9789945074000 | ||
| 040 |
_aDO-SdBNP _bspa _cBNPHU |
||
| 082 | 4 |
_bS486r _222 |
|
| 100 | 1 |
_aSerna Moreno, Jesús María _955900 |
|
| 245 | 1 | 0 |
_aRepública Dominicana : _bidentidad y herencias etnoculturales indígenas / _cJesús María Serna Moreno; Prólogo, Franklin Franco. |
| 260 |
_aSanto Domingo : _bArchivo General de la Nación, _c2010 |
||
| 300 |
_a148 p. : _bmapa, retrs. ; _c23 cm. |
||
| 490 | 0 |
_aArchivo de la Nación ; _v108 |
|
| 501 | _aCon: Cubierta: Mapa que indica la distribución política que tenía la isla cuando en 1492 la descubrió Colón y las fundaciones de los españoles en los primeros días de la conquista, según el Diario de la navegación de aquel marino y la Apologética historia sumaria de Fray Bartolomé de las Casas (por Casimiro N. Moya). | ||
| 504 | _aIncluye referencias bibliográficas y notas al pie de las páginas | ||
| 504 | _aBibliografía : p. 137-140 | ||
| 590 | _aInventariado 2023 / MF | ||
| 700 | 1 | 2 |
_aFranco, Franklin, _epról. _934451 |
| 910 | _aMFeliz | ||
| 942 |
_2ddc _cLBS1 |
||
| 999 |
_c28456 _d28456 |
||